000
00293nam a2200121 a 4500
001
4140
005
20140414131957.0
008
090218s19uu xx 00 eng d
050
_a
TR 796
_b
Sp6 2005
245
_a
My Big book of sports and games.
440
_a
Dreamland series
999
_c
112978
_d
112978